A tarjáni piacon
Elmentve itt :
| Szerző: | |
|---|---|
| Dokumentumtípus: | Cikk |
| Megjelent: |
1983-10-01
|
| Sorozat: | Délmagyarország
73 No. 232 |
| Kulcsszavak: | piacok |
| Online Access: | http://dmarchiv.bibl.u-szeged.hu/109131 |
| LEADER | 00428nab a2200157 i 4500 | ||
|---|---|---|---|
| 001 | delm109131 | ||
| 005 | 20190626102335.0 | ||
| 008 | 190626s1983 hu o 0|| hun d | ||
| 040 | |a SZTE Délmagyarország Archívum |b hun | ||
| 041 | |a hun | ||
| 100 | 1 | |a Sipos István | |
| 245 | 1 | 2 | |a A tarjáni piacon |h [elektronikus dokumentum] / |c Sipos István |
| 260 | |c 1983-10-01 | ||
| 300 | |a 1 | ||
| 490 | 0 | |a Délmagyarország |v 73 No. 232 | |
| 695 | |a piacok | ||